000
00286nam a22001337a 4500
008
180928b xxu||||| |||| 00| 0 eng d
020
_a
0205081770
041
_a
eng
080
_2
3 ED
_a
159.9
100
_a
68
101
_a
PSI
245
_a
Psychology
_c
Lester.A.L
942
_2
udc
_c
BK
999
_c
48701
_d
48701